Irish safety example (Record no. 65802)
[ view plain ]
| 000 -LEADER | |
|---|---|
| fixed length control field | 00877cam a2200241 4500 |
| 001 - CONTROL NUMBER | |
| control field | WB3703-04 |
| 008 - FIXED-LENGTH DATA ELEMENTS--GENERAL INFORMATION | |
| fixed length control field | 000000n2001 000 0 eng u |
| 035 ## - SYSTEM CONTROL NUMBER | |
| System control number | (Sirsi) u110377 |
| 245 ## - TITLE STATEMENT | |
| Title | Irish safety example |
| 260 ## - PUBLICATION, DISTRIBUTION, ETC. | |
| Date of publication, distribution, etc. | 2001 |
| 490 ## - SERIES STATEMENT | |
| Series statement | Contract Journal |
| Volume/sequential designation | 406(6309) 10 January 2001, 1(1) |
| 520 ## - SUMMARY, ETC. | |
| Summary, etc. | Due to the steep rise in site fatalities, British contractors are under pressure to follow the example of the Irish industry and introduce a national scheme of independent assessment and certification of health and safety management systems. |
| 590 ## - LOCAL NOTE (RLIN) | |
| Local note | WB |
| 600 ## - SUBJECT ADDED ENTRY--PERSONAL NAME | |
| Personal name | CONSTRUCTION INDUSTRY |
| 650 ## - SUBJECT ADDED ENTRY--TOPICAL TERM | |
| Topical term or geographic name entry element | CERTIFICATION |
| 650 ## - SUBJECT ADDED ENTRY--TOPICAL TERM | |
| Topical term or geographic name entry element | SITE SAFETY |
| 650 ## - SUBJECT ADDED ENTRY--TOPICAL TERM | |
| Topical term or geographic name entry element | ASSESSMENT SCHEMES |
| 650 ## - SUBJECT ADDED ENTRY--TOPICAL TERM | |
| Topical term or geographic name entry element | HEALTH AND SAFETY MANAGEMENT SYSTEMS |
| 650 ## - SUBJECT ADDED ENTRY--TOPICAL TERM | |
| Topical term or geographic name entry element | IRELAND |
| 650 ## - SUBJECT ADDED ENTRY--TOPICAL TERM | |
| Topical term or geographic name entry element | CONSTRUCTION SITES |
| 690 ## - LOCAL SUBJECT ADDED ENTRY--TOPICAL TERM (OCLC, RLIN) | |
| Topical term or geographic name as entry element | BUILT ENVIRONMENT-BUILDING STANDARDS |
| 942 ## - ADDED ENTRY ELEMENTS (KOHA) | |
| Suppress in OPAC | 0 |
| Withdrawn status | Lost status | Source of classification or shelving scheme | Damaged status | Not for loan | Home library | Current library | Shelving location | Date acquired | Total Checkouts | Full call number | Barcode | Date last seen | Copy number | Price effective from | Koha item type |
|---|---|---|---|---|---|---|---|---|---|---|---|---|---|---|---|
| Dewey Decimal Classification | London | London | News article | 16/01/2001 | WB3703-04 | 110377-1001 | 06/08/2019 | 1 | 06/08/2019 | News article |